000 00394pab a2200169 454500
008 180718b1996 xxu||||| |||| 00| 0 eng d
100 _aPandey, Deep Narayan
245 _aEthnoforestry
260 _c1996
300 _ap.29-47
362 _aJul-Dec
650 _aForest management - India
650 _aForestry
650 _aForest management
773 _aPrashasnika
909 _a35508
999 _c35508
_d35508